000 00198nam a2200085 4500
001 1258932
005 20260406103125.0
245 _aFATİH SULTAN MEHMET
_cHASAN YİĞİT
260 _bMAVİÇATI YAYINLARI
999 _c1258932
_d1258932